[Event "Kowalewo Pomorskie op-B 16th"]
[Site "Kowalewo Pomorskie"]
[Date "2009.07.09"]
[Round "7"]
[White "Zakaszewski, Mateusz"]
[Black "Dobrowolski, Marcin"]
[Result "0-1"]
[WhiteElo "1804"]
[BlackElo "1948"]
[PlyCount "92"]
[EventDate "2009.07.04"]
[EventType "swiss"]
[EventRounds "9"]
[EventCountry "POL"]
[SourceTitle "EXT 2011"]
[Source "ChessBase"]
[SourceDate "2010.11.26"]
[SourceVersion "1"]
[SourceVersionDate "2010.11.26"]
[SourceQuality "1"]

1. e4 d6 2. Nf3 g6 3. d4 Nf6 4. Nc3 Bg7 5. Bc4 0-0 6. Qe2 Nfd7 7. 0-0 Nc6 8. Rd1 Nb6 9. Bb3 Bg4 10. Be3 e5 11. d5 Ne7 12. h3 Bd7 13. a4 f5 14. a5 Nbc8 15. Bg5 h6 16. Bxe7 Nxe7 17. Ba4 f4 18. Bxd7 Qxd7 19. Ne1 h5 20. b4 Kh7 21. Na4 Ng8 22. c4 Nf6 23. f3 g5 24. Nd3 g4 25. Kh2 gxh3 26. gxh3 Rg8 27. Rg1 Bh6 28. Nab2 h4 29. Nf2 Rg3 30. Ng4 Nxg4+ 31. hxg4 Kg6 32. Rac1 Bg5 33. Nd3 Qa4 34. Ra1 Qd7 35. Rac1 h3 36. Rcf1 Rh8 37. Qd1 Qh7 38. c5 Rg2+ 39. Kh1 Bh4 40. Rxg2 hxg2+ 41. Kxg2 Be1 42. Rxe1 Qh3+ 43. Kf2 Qg3+ 44. Ke2 Rh2+ 45. Nf2 Qxf2+ 46. Kd3 Qd4# 0-1

[Event "Polanica Zdroj op-B 44th"]
[Site "Polanica Zdroj"]
[Date "2008.08.28"]
[Round "10"]
[White "Leks, Maria"]
[Black "Zakaszewski, Mateusz"]
[Result "1-0"]
[WhiteElo "1861"]
[BlackElo "1814"]
[PlyCount "59"]
[EventDate "2008.08.19"]
[EventType "swiss"]
[EventRounds "10"]
[EventCountry "POL"]
[SourceTitle "EXT 2009"]
[Source "ChessBase"]
[SourceDate "2008.11.26"]
[SourceVersion "1"]
[SourceVersionDate "2008.11.26"]
[SourceQuality "1"]

1. e4 c5 2. Nf3 d6 3. d4 cxd4 4. Nxd4 Nf6 5. f3 e6 6. c4 Be7 7. Nc3 0-0 8. Be3 a6 9. Be2 Qc7 10. 0-0 Nc6 11. Qd2 Re8 12. Rfd1 Ne5 13. b3 b6 14. Rac1 Bb7 15. Bf1 Rac8 16. Qf2 Nfd7 17. Qg3 Kh8 18. f4 Nc6 19. Bd3 Bf6 20. Nxc6 Bxc6 21. Qh3 g6 22. f5 Ne5 23. Bb1 Rcd8 24. Rf1 Bg7 25. f6 Bf8 26. Bh6 Qa7 27. Rf4 Nd7 28. Bxf8 Rxf8 29. Qh6 Rg8 30. Qxh7+ 1-0

[Event "Polanica Zdroj op-B 44th"]
[Site "Polanica Zdroj"]
[Date "2008.08.22"]
[Round "4"]
[White "Zakaszewski, Mateusz"]
[Black "Labuda, Michal"]
[Result "1/2-1/2"]
[WhiteElo "1814"]
[BlackElo "1830"]
[PlyCount "50"]
[EventDate "2008.08.19"]
[EventType "swiss"]
[EventRounds "10"]
[EventCountry "POL"]
[SourceTitle "CBM 126 Extra"]
[Source "ChessBase"]
[SourceDate "2008.11.05"]
[SourceVersion "1"]
[SourceVersionDate "2008.11.05"]
[SourceQuality "1"]

1. e4 c5 2. Nf3 d6 3. Bc4 e6 4. 0-0 Nc6 5. Re1 Nf6 6. c3 Be7 7. d3 0-0 8. Bb3 b6 9. Bg5 Bb7 10. Nbd2 Re8 11. Nf1 b5 12. d4 cxd4 13. cxd4 Rc8 14. Qe2 Qb6 15. e5 dxe5 16. dxe5 Nd7 17. Bxe7 Nxe7 18. Rac1 Nd5 19. Qd2 Nf8 20. Ng3 Ng6 21. Ne4 Rxc1 22. Rxc1 Rd8 23. Rd1 a6 24. h4 Qc7 25. Qd4 Nge7 1/2-1/2

[Event "Zlota Wieza op 49th"]
[Site "Gniezno"]
[Date "2007.05.21"]
[Round "3"]
[White "Pazdziora, Marcin"]
[Black "Zakaszewski, Mateusz"]
[Result "1-0"]
[WhiteElo "1800"]
[BlackElo "1839"]
[PlyCount "83"]
[EventDate "2007.05.20"]
[EventType "swiss"]
[EventRounds "9"]
[EventCountry "POL"]
[SourceTitle "EXT 2011"]
[Source "ChessBase"]
[SourceDate "2010.11.26"]
[SourceVersion "1"]
[SourceVersionDate "2010.11.26"]
[SourceQuality "1"]

1. e4 c5 2. Nc3 Nc6 3. g3 d6 4. Bg2 Nf6 5. d3 e6 6. f4 Be7 7. Nf3 0-0 8. 0-0 a6 9. Bd2 Qc7 10. Qe2 Nd4 11. Qd1 Nxf3+ 12. Qxf3 Rb8 13. g4 b5 14. h4 Bb7 15. h5 Nd7 16. Qg3 b4 17. Ne2 Rfc8 18. f5 Bf6 19. Rab1 Be5 20. Qh3 Nf8 21. h6 g6 22. fxg6 Nxg6 23. Bg5 Qb6 24. Qf3 c4+ 25. Kh1 f5 26. gxf5 Rf8 27. Qg4 exf5 28. exf5 Bc8 29. Bd5+ Kh8 30. Qe4 Bxf5 31. Rxf5 Rxf5 32. Qxf5 Rf8 33. Qe4 Qf2 34. Qg2 Qc5 35. Bf3 cxd3 36. cxd3 Qc2 37. Rc1 Qxb2 38. Ng3 Qa3 39. Be4 Bf4 40. Bxf4 Nxf4 41. Qg1 Rg8 42. Qd4+ 1-0